Newcastle United Premier League XIs - Statistics

General Stats
  • This quiz has been taken 2,145 times
    7 since last reset
  • The average score is 39 of 145
Answer Stats
Player % Correct
Alexander Isak
100%
Alan Shearer
86%
Anthony Gordon
86%
Kieran Trippier
86%
Allan Saint-Maximin
71%
Anthony Elanga
71%
Bruno Guimarães
71%
Joelinton
71%
Malick Thiaw
71%
Martin Dúbravka
71%
Nick Woltemade
71%
Sandro Tonali
71%
Callum Wilson
57%
Dan Burn
57%
Fabian Schär
57%
Jacob Murphy
57%
Jamaal Lascelles
57%
Kieron Dyer
57%
Laurent Robert
57%
Lewis Hall
57%
Miguel Almirón
57%
Nick Pope
57%
Sean Longstaff
57%
Shay Given
57%
Sven Botman
57%
Tino Livramento
57%
Alan Smith
43%
Demba Ba
43%
Gary Speed
43%
Jamal Lewis
43%
John Barnes
43%
Michael Owen
43%
Nolberto Solano
43%
Papiss Cissé
43%
Tim Krul
43%
Aaron Hughes
29%
Aleksandar Mitrović
29%
Andy Cole
29%
Andy O'Brien
29%
Ayoze Pérez
29%
Craig Bellamy
29%
Danny Simpson
29%
David Ginola
29%
Fabricio Coloccini
29%
Federico Fernández
29%
Georginio Wijnaldum
29%
James Milner
29%
Jetro Willems
29%
Joe Willock
29%
Joey Barton
29%
Jonás Gutiérrez
29%
Jonjo Shelvey
29%
Karl Darlow
29%
Lee Bowyer
29%
Les Ferdinand
29%
Moussa Sissoko
29%
Rob Elliot
29%
Ryan Fraser
29%
Ryan Taylor
29%
Scott Parker
29%
Shola Ameobi
29%
Stephen Carr
29%
Steven Taylor
29%
Warren Barton
29%
Abdoulaye Faye
14%
Alain Goma
14%
Alessandro Pistone
14%
Barry Venison
14%
Chancel Mbemba
14%
Charles N'Zogbia
14%
Cheick Tioté
14%
Christian Atsu
14%
Christian Bassedas
14%
Ciaran Clark
14%
Clarence Acuña
14%
Darren Peacock
14%
Daryl Janmaat
14%
David Batty
14%
Davide Santon
14%
DeAndre Yedlin
14%
Didier Domi
14%
Dietmar Hamann
14%
Emil Krafth
14%
Geremi
14%
Isaac Hayden
14%
Jack Colback
14%
Javier Manquillo
14%
Jean-Alain Boumsong
14%
Jeff Hendrick
14%
Jermaine Jenas
14%
John Beresford
14%
Jon Dahl Tomasson
14%
Keith Gillespie
14%
Kevin Nolan
14%
Kevin Scott
14%
Laurent Charvet
14%
Lee Clark
14%
Loïc Rémy
14%
Mapou Yanga-Mbiwa
14%
Marc Hottiger
14%
Mathieu Debuchy
14%
Matt Ritchie
14%
Mike Williamson
14%
Mohamed Diamé
14%
Nikos Dabizas
14%
Obafemi Martins
14%
Olivier Bernard
14%
Paul Bracewell
14%
Paul Dummett
14%
Paul Kitson
14%
Pavel Srníček
14%
Peter Beardsley
14%
Peter Løvenkrands
14%
Peter Ramage
14%
Philippe Albert
14%
Robbie Elliott
14%
Rob Lee
14%
Ruel Fox
14%
Salomón Rondón
14%
Scott Sellars
14%
Sébastien Bassong
14%
Shaka Hislop
14%
Steve Harper
14%
Steve Howey
14%
Steve Watson
14%
Stuart Pearce
14%
Sylvain Distin
14%
Yohan Cabaye
14%
Celestine Babayaro
0%
Damien Duff
0%
Danny Guthrie
0%
Duncan Ferguson
0%
Dwight Gayle
0%
Emre Belözoğlu
0%
Florian Lejeune
0%
Gabriel Obertan
0%
Habib Beye
0%
James Perch
0%
José Enrique
0%
Nicky Butt
0%
Rémy Cabella
0%
Stephen Glass
0%
Titus Bramble
0%
Vurnon Anita
0%
Yoan Gouffran
0%
No matching quizzes found
Score Distribution
Percent of People with Each Score
Percentile by Number Answered
Your Score History
You have not taken this quiz since the last reset